El internado como familia : las escuelas normales rurales en la década de 1920.

Збережено в:
Бібліографічні деталі
Автор: Civera Cerecedo, Alicia (autor)
Формат: Невідомо
Мова:Іспанська
Предмети:
Онлайн доступ:Ver documento en línea
Теги: Додати тег
Немає тегів, Будьте першим, хто поставить тег для цього запису!

MARC

LEADER 00000c**#a2200000ua#4500
001 000497903
003 DLC
005 20260414000000.0
008 070606c^^^^9999^^^^r1^^^^^^^^0^^^^0spa^d
009 20260414174004.733
022 |a 01851284 
035 |a FCE 000041738 
037 |a Acervo ITESO - Biblioteca 
041 |a spa 
095 |a RLEE  |b 06-3-4-53 
100 |a Civera Cerecedo, Alicia  |e (autor) 
245 1 3 |a El internado como familia :  |b las escuelas normales rurales en la década de 1920. 
264 |a México :  |b Centro de Estudios Educativos,  |c 2006. 
336 |a texto  |b txt  |2 rdacontenido 
337 |a sin mediación  |b n  |2 rdamedio 
338 |a volumen  |b nc  |2 rdasoporte 
649 |a XX 
650 |a Educación rural 
650 |a Escuela rural 
650 |a Historia de la educación 
650 |a Educación normal 
650 |a México 
740 |g vol. 36, no. 3-4, 2006, pp. 53-73  |t Revista Latinoamericana de Estudios Educativos. Artículos y ensayos, 
856 4 0 |u https://www.cee.edu.mx/rlee/revista/r2001_2010/r_texto/t_2006_3-4_04.pdf  |y Ver documento en línea 
910 |a Fondo Centro de Estudios Educativos 
920 |a Impresos - Libros 
930 |a Fondos Especiales 
905 |a 133 
902 |a https://opac.biblio.iteso.mx/vufind/Record/000497903